000 00523nam a2200169 i 4500
001 91041
003 ES-MaACL
005 20250830063056.0
007 t|
008 050126s1974 sp ||||1| spa d
100 1 _aLeón-Ignacio,
_d1919-1991
_971625
245 1 0 _aCorpus de sangre
_b: la rebelión de los segadores en Barcelona /
_cLeón-Ignacio.
260 _a[Esplugas de Llobregat :
_bPlaza & Janés,
_c1974]
300 _a143 p. ;
_c18 cm.
852 _aES-MaACL
_jE-6401
_bR.90976
999 _c91041
_d91041